সোনার মেয়ে (Record no. 282908)

MARC details
000 -LEADER
fixed length control field 01218nam a2200373 a 4500
001 - CONTROL NUMBER
control field vtls000322614
003 - CONTROL NUMBER IDENTIFIER
control field NLI
005 - DATE AND TIME OF LATEST TRANSACTION
control field 20210602144840.0
008 - FIXED-LENGTH DATA ELEMENTS--GENERAL INFORMATION
fixed length control field 101228sn.d. ii g 000 0bben d
039 #9 - LEVEL OF BIBLIOGRAPHIC CONTROL AND CODING DETAIL [OBSOLETE]
Level of rules in bibliographic description 201012282108
Level of effort used to assign nonsubject heading access points bengal1
-- 201012282106
-- bengal1
040 ## - CATALOGING SOURCE
Original cataloging agency NLI
Language of cataloging ben
Transcribing agency Bengali Division
041 0# - LANGUAGE CODE
Language code of text/sound track or separate title ben
044 ## - COUNTRY OF PUBLISHING/PRODUCING ENTITY CODE
MARC country code ii
082 04 - DEWEY DECIMAL CLASSIFICATION NUMBER
Classification number 922.945
Edition number 22
100 1# - MAIN ENTRY--PERSONAL NAME
Linkage 880-01
Personal name মজুমদার, প্রতিমা
9 (RLIN) 739
245 10 - TITLE STATEMENT
Linkage 880-02
Title সোনার মেয়ে
Statement of responsibility, etc. প্রতিমা মজুমদার
260 ## - PUBLICATION, DISTRIBUTION, ETC.
Place of publication, distribution, etc. [s.n.]
Name of publisher, distributor, etc. [s.n.]
Date of publication, distribution, etc. [n.d.]
300 ## - PHYSICAL DESCRIPTION
Extent 38p.
Dimensions 22cm.
600 1# - SUBJECT ADDED ENTRY--PERSONAL NAME
Personal name Bhagini Nibedita
Form subdivision Biography
9 (RLIN) 495207
700 1# - ADDED ENTRY--PERSONAL NAME
Linkage 880-03
700 1# - ADDED ENTRY--PERSONAL NAME
Linkage 880-04
710 1# - ADDED ENTRY--CORPORATE NAME
Linkage 880-05
880 1# - ALTERNATE GRAPHIC REPRESENTATION
Linkage 100-01/(B
a Majumdar, Pratima
880 10 - ALTERNATE GRAPHIC REPRESENTATION
Linkage 245-02/(B
a Sonar meye
c Pratima Majumdar
880 1# - ALTERNATE GRAPHIC REPRESENTATION
Linkage 700-03/(B
880 1# - ALTERNATE GRAPHIC REPRESENTATION
Linkage 700-04/(B
887 ## - NON-MARC INFORMATION FIELD
Content of non-MARC field tithi
901 ## - LOCAL DATA ELEMENT A, LDA (RLIN)
a 74013
b 21.7.09
902 ## - LOCAL DATA ELEMENT B, LDB (RLIN)
a B922.945 M5821
904 ## - LOCAL DATA ELEMENT D, LDD (RLIN)
a tithi
949 ## - LOCAL PROCESSING INFORMATION (OCLC)
-- VIRTUAITEM
-- 10008
-- 100
6 DBA000074013BEN
a B922.945 M5821
e 74013
942 ## - ADDED ENTRY ELEMENTS (KOHA)
Source of classification or shelving scheme Dewey Decimal Classification
Koha item type Books
Holdings
Withdrawn status Lost status Damaged status Not for loan Collection code Home library Current library Shelving location Date acquired Total Checkouts Full call number Barcode Date last seen Price effective from Koha item type
        Bengali National Library of India National Library of India Bengali - Books - Main Stack Division     B922.945 M5821 DBA000074013BEN 02/06/2021 02/06/2021 Books
                                                                           
web counter

Copyright ©2020 The National Library of India, Govt. of India ↔ Hosted by NVLI, MOC ↔ Technology and Design by National Library of India, Ministry of Culture, Govt. of India